Tourist destinations according to stakeholder strategies : (Record no. 368346)
[ view plain ]
| 000 -LEADER | |
|---|---|
| fixed length control field | 00922nam a22002537a 4500 |
| 003 - CONTROL NUMBER IDENTIFIER | |
| control field | 0 |
| 005 - DATE AND TIME OF LATEST TRANSACTION | |
| control field | 20251027142125.0 |
| 008 - FIXED-LENGTH DATA ELEMENTS--GENERAL INFORMATION | |
| fixed length control field | 251027b xxu||||| |||| 00| 0 eng d |
| 020 ## - INTERNATIONAL STANDARD BOOK NUMBER | |
| International Standard Book Number | 978-1-78630-659-3 |
| 050 ## - LIBRARY OF CONGRESS CALL NUMBER | |
| Classification number | G 155.A1 |
| Item number | .L68 2024 |
| 100 ## - MAIN ENTRY--PERSONAL NAME | |
| Personal name | Louart, Pierre, |
| Relator term | author. |
| 245 ## - TITLE STATEMENT | |
| Title | Tourist destinations according to stakeholder strategies : |
| Remainder of title | from clusters to local tourist systems / |
| Statement of responsibility, etc | Pierre Louart, Jerome Piriou, and Philippe Violier. |
| 260 ## - PUBLICATION, DISTRIBUTION, ETC. (IMPRINT) | |
| Place of publication, distribution, etc | Hoboken, NJ : |
| Name of publisher, distributor, etc | John Wiley & Sons, Inc., |
| Date of publication, distribution, etc | 2024. |
| 300 ## - PHYSICAL DESCRIPTION | |
| Extent | xiv, 264 pages ; |
| Dimensions | 24 cm. |
| 440 ## - SERIES STATEMENT/ADDED ENTRY--TITLE | |
| Title | Tourism and Mobility Systems Set |
| Volume number/sequential designation | volume 7. |
| 504 ## - BIBLIOGRAPHY, ETC. NOTE | |
| Bibliography, etc | Includes bibliographical references and index. |
| 650 ## - SUBJECT ADDED ENTRY--TOPICAL TERM | |
| Topical term or geographic name as entry element | Tourism |
| General subdivision | Management. |
| 650 ## - SUBJECT ADDED ENTRY--TOPICAL TERM | |
| Topical term or geographic name as entry element | Tourism |
| General subdivision | Planning. |
| 650 ## - SUBJECT ADDED ENTRY--TOPICAL TERM | |
| Topical term or geographic name as entry element | Tourist trade |
| General subdivision | Management. |
| 650 ## - SUBJECT ADDED ENTRY--TOPICAL TERM | |
| Topical term or geographic name as entry element | Sustainable tourism. |
| 700 ## - ADDED ENTRY--PERSONAL NAME | |
| Personal name | Piriou, Jerome, |
| Relator term | author. |
| 700 ## - ADDED ENTRY--PERSONAL NAME | |
| Personal name | Violier, Philippe, |
| Relator term | author. |
| 942 ## - ADDED ENTRY ELEMENTS (KOHA) | |
| Source of classification or shelving scheme | Library of Congress Classification |
| Koha item type | Books |
| Withdrawn status | Lost status | Source of classification or shelving scheme | Damaged status | Home library | Current library | Shelving location | Date acquired | Source of acquisition | Sub Shelving location | Total Checkouts | Full call number | Barcode | Date last seen | Price effective from | Koha item type |
|---|---|---|---|---|---|---|---|---|---|---|---|---|---|---|---|
| Library of Congress Classification | College Library | College Library | Reserve Section | 06/24/2025 | Library Fund | G 155.A1 .L68 2024 | C25439 | 10/27/2025 | 10/27/2025 | Books |